Spracovanie obrazu metódami umelej inteligencie

Gespeichert in:
Bibliographische Detailangaben
1. Verfasser: Kabáč, Adrián (Verfasst von)
Weitere Verfasser: Jakab, Marek (Betreuung Doktorarbeit)
Format: Manuskript Buch
Sprache:Slowakisch
Veröffentlicht: 2022
Schlagworte:
Online-Zugang:http://is.stuba.sk/zp/portal_zp.pl?podrobnosti=154996
Tags: Tag hinzufügen
Keine Tags, Fügen Sie das erste Tag hinzu!

MARC

LEADER 00000ntm a22000003a 4500
001 stuzp88020
003 SK-STU
005 20220625210755.1
007 ta
008 150427s2015----xo-----f-mn---000-0-slo-d
040 |a STU  |b slo 
041 0 |a slo 
100 1 |a Kabáč, Adrián  |u 070400  |4 aut  |U FIIT Fakulta informatiky a informačných technológií  |T FIIT Ústav počítačového inžinierstva a aplikovanej informatiky  |X 102972  |U I400  |Y 672  |7 102972 
242 0 1 |a Image processing using methods of artificial intelligence  |y eng 
245 1 0 |a Spracovanie obrazu metódami umelej inteligencie 
260 |c 2022 
650 4 |a konvolučné neurónové siete  |2 slo 
650 4 |a spracovanie obrazu  |2 slo 
650 4 |a umelá inteligencia  |2 slo 
650 4 |a neurónové siete  |2 slo 
650 4 |a artificial intelligence  |2 eng 
650 4 |a neural networks  |2 eng 
650 4 |a image processing  |2 eng 
650 4 |a convolutional neural networks  |2 eng 
700 1 |a Jakab, Marek  |u 070300  |k Z3  |4 ths  |U FIIT Fakulta informatiky a informačných technológií  |T FIIT Ústav aplikovanej informatiky  |X 5669  |U I300  |Y 180  |7 A000005669 
856 4 |u http://is.stuba.sk/zp/portal_zp.pl?podrobnosti=154996